Ochrana spotrebiteľa pri predaji tovaru prostredníctvom eshopov bakalárska práca

Saved in:
Bibliographic Details
Main Author: Kmeť, Jakub
Corporate Author: Obchodná fakulta EU. Katedra obchodného práva
Other Authors: Winkler, Martin, 1975-
Format: Book
Language:Slovak
Published: Bratislava 2024
Tags: Add Tag
No Tags, Be the first to tag this record!

MARC

LEADER 00000nbm a2200000 4500
001 0302428
005 20250901093240.1
041 0 |a slo 
044 |a SK 
245 1 0 |a Ochrana spotrebiteľa pri predaji tovaru prostredníctvom eshopov  |b bakalárska práca  |c Jakub Kmeť ; školiteľ: Martin Winkler 
264 1 |a Bratislava  |c 2024 
300 |a 47 s. 
100 1 |a Kmeť, Jakub 
700 1 |a Winkler, Martin, 1975- 
710 2 |a Obchodná fakulta EU. Katedra obchodného práva